00941 a2200181 4500003000500000005001700005020001600022040000900038082001400047100002100061245008500082250001100167260005500178300001100233505044800244538003300692650003400725Nust20170207154202.0 a0029465710  cNust a621.38132 aFloyd, Thomas L. aPrinciples of electric circuits :bconventional current versioncThomas L. Floyd a7th.ed aUpper Saddle River, N.J. : bPrentice Hall, c2003 a992 p. aIntroduction Page 1, Voltage, Current And Resistance Page 27, Ohm’s Law Page 69, Power And Energy Page 93, Series Resistive Circuits Page 117, Parallel Resistive Circuits Page 173, Series Parallel Circuits Page 225. Circuit Theorems And Conversions Page 277, Branch, Mesh And Node Analysis Page 335, Magnetism And Electromagnetism Page 401, Introduction To AC And Voltage Page 401, Phasors And Complex Numbers Page 449, Capacitors Page 475.  aAlmirah no 33 and shelf no 5 aTelecommunication Engineering